Normal view
MARC view
- Courtis. S. A
Entry Personal Name
001 - CONTROL NUMBER
- control field: 1783
003 - CONTROL NUMBER IDENTIFIER
- control field: OSt
005 - DATE AND TIME OF LATEST TRANSACTION
- control field: 20161202134012.0
008 - FIXED-LENGTH DATA ELEMENTS
- fixed length control field: 161202|| aca||aabn | a|a d
040 ## - CATALOGING SOURCE
- Original cataloging agency: OSt
100 ## - HEADING--PERSONAL NAME
- Personal name: Courtis. S. A